[Event "FIDE-Online-Steinitz-Memorial-Women"]
[White "Abdumalik, Zhansaya"]
[Black "Khademalsharieh, Sarasadat"]
[Site "Internet"]
[Round "6"]
[Annotator "ChessBase"]
[Result "0-1"]
[Date "2020.05.15"]
[WhiteElo "2409"]
[BlackElo "2431"]
[PlyCount "102"]
[TimeControl "180+2"]

1. e4 e5 2. Nf3 {[%emt 0:0:4]} Nc6 {[%emt 0:0:3]} 3. Bb5 {[%emt 0:0:0]} a6 {[%emt 0:0:2]} 4. Ba4 {[%emt 0:0:2]} Nf6 {[%emt 0:0:1]} 5. 0-0 {[%emt 0:0:1]
} b5 {[%emt 0:0:0]} 6. Bb3 {[%emt 0:0:1]} Bc5 {[%emt 0:0:1]
} 7. c3 {[%emt 0:0:1]} d6 {[%emt 0:0:2]} 8. d4 {[%emt 0:0:1]} Bb6 {[%emt 0:0:2]
} 9. Be3 {[%emt 0:0:1]} Bg4 {[%emt 0:0:12]} 10. Nbd2 {[%emt 0:0:0]} exd4 {[%emt 0:0:5]} 11. cxd4 {[%emt 0:0:2]} Nxd4 {[%emt 0:0:9]} 12. Bxd4 {[%emt 0:0:2]} Bxd4 {[%emt 0:0:1]} 13. Bxf7+ {[%emt 0:0:8]} Kxf7 {[%emt 0:0:18]} 14. Qb3+ {[%emt 0:0:2]} d5 {[%emt 0:0:18]} 15. Nxd4 {[%emt 0:0:3]
} c5 {[%emt 0:0:1]} 16. Nc6 {[%emt 0:0:21]} Qd6 {[%emt 0:0:0]} 17. exd5 {[%emt 0:0:2]} c4 {[%emt 0:0:27]} 18. Qg3 {[%emt 0:0:3]} Qxg3 {[%emt 0:0:22]} 19. hxg3 {[%emt 0:0:9]} Rhe8 {[%emt 0:0:2]} 20. f4 {[%emt 0:0:8]
} Kg8 {[%emt 0:0:10]} 21. d6 {[%emt 0:0:18]} Re6 {[%emt 0:0:0]} 22. Ne5 {[%emt 0:0:19]} Rxd6 {[%emt 0:0:2]} 23. Ndf3 {[%emt 0:0:5]} Bf5 {[%emt 0:0:17]} 24. a4 {[%emt 0:0:2]} Rad8 {[%emt 0:0:2]} 25. axb5 {[%emt 0:0:3]
} axb5 {[%emt 0:0:1]} 26. Ra5 {[%emt 0:0:3]} Ne4 {[%emt 0:0:0]} 27. Rxb5 {[%emt 0:0:10]} Nxg3 {[%emt 0:0:1]} 28. Re1 {[%emt 0:0:2]} Bd3 {[%emt 0:0:2]} 29. Kf2 {[%emt 0:0:7]} Ne4+ {[%emt 0:0:2]} 30. Ke3 {[%emt 0:0:1]
} Nf6 {[%emt 0:0:5]} 31. g3 {[%emt 0:0:5]} c3 {[%emt 0:0:7]
} 32. Rb7 {[%emt 0:0:11]} c2 {[%emt 0:0:9]} 33. Ng5 {[%emt 0:0:13]} Bf5 {[%emt 0:0:11]
} 34. Ke2 {[%emt 0:0:29]} Rd1 {[%emt 0:0:2]} 35. Rc7 {[%emt 0:0:0]} R8d2+ {[%emt 0:0:2]} 36. Kf1 {[%emt 0:0:2]} Rxe1+ {[%emt 0:0:3]} 37. Kxe1 {[%emt 0:0:1]} Rd1+ {[%emt 0:0:1]} 38. Ke2 {[%emt 0:0:1]} c1=Q {[%emt 0:0:2]
} 39. Rxc1 {[%emt 0:0:4]} Rxc1 {[%emt 0:0:1]} 40. Ngf3 {[%emt 0:0:4]
} Rc2+ {[%emt 0:0:2]} 41. Ke3 {[%emt 0:0:1]} Rxb2 {[%emt 0:0:0]} 42. Nd4 {[%emt 0:0:1]} Bc8 {[%emt 0:0:5]} 43. f5 {[%emt 0:0:2]} Ra2 {[%emt 0:0:2]} 44. g4 {[%emt 0:0:2]} h6 {[%emt 0:0:1]} 45. Ndc6 {[%emt 0:0:4]
} Ra3+ {[%emt 0:0:3]} 46. Kf4 {[%emt 0:0:4]} Bb7 {[%emt 0:0:0]} 47. Ne7+ {[%emt 0:0:2]} Kh7 {[%emt 0:0:1]} 48. N7g6 {[%emt 0:0:4]} Nd5+ {[%emt 0:0:2]} 49. Ke4 {[%emt 0:0:2]} Ne7+ {[%emt 0:0:2]} 50. Kf4 {[%emt 0:0:2]
} Nxg6+ {[%emt 0:0:1]} 51. fxg6+ {[%emt 0:0:3]} Kg8 {[%emt 0:0:0]} 0-1

[Event "FIDE-Online-Steinitz-Memorial-Women"]
[White "Cori T., Deysi"]
[Black "Paehtz, Elisabeth"]
[Site "Internet"]
[Round "6"]
[Annotator "TA"]
[Result "0-1"]
[Date "2020.05.15"]
[WhiteElo "2391"]
[BlackElo "2396"]
[PlyCount "128"]

1. d4 {} e6 2. c4 b6 3. Nf3 Bb7 4. g3 Bb4+ 5. Bd2 Bxf3 6. exf3 Bxd2+ 7. Qxd2 ({Don't play} 7. Kxd2 Nf6 $15 )Ne7 {Recently 7...Nf6 got a lot of
attention. A40: Unusual replies to 1 d4.} 8. Bg2 d5 9. 0-0 c6 {The position is
equal.} 10. b3 0-0 11. Nc3 Nd7 { [#]} 12. Rad1 $146 ({Predecessor:} 12. f4 Nf6 13. Rfd1 Qd6 14. Na4 dxc4 15. bxc4 Rfd8 16. Nc3 Rac8 17. Qe1 Rd7 18. Rac1 {0-1 (37) Mathet,J (1988)-Navrotescu,A 
(2182) Agneaux 2018} )Nf6 13. f4 Qd6 14. Qe2 Rfd8 15. Rfe1 g6 16. Qe5 Ne8 17. h4 h5 18. Bf3 Nf5 19. Qxd6 Nexd6 20. c5 bxc5 21. dxc5 Nb7 22. Na4 $1 Na5 23. Rd3 Rab8 24. Bd1 Rb5 25. Rc3 Rdb8 26. Be2 Rb4 27. Bd3 Nd4 28. Kg2 Kf8 29. Rd1 Ke7 30. Bf1 Nf5 31. Bd3 {[#]} (31. Nb2 $11 )Nh6 (31... Nc4 $1 $15 {
} )32. f3 Ng8 33. Kf2 Nf6 {[#]} (33... Nc4 $11 )34. Be2 {[#]} (34. Nb2 $1 $16 )Nd7 (34... Nc4 $1 $11 {} )35. Rdc1 Kf6 36. Bd1 (36. Nb2 $14 )e5 $11 37. fxe5+ Nxe5 38. Be2 {White is now going downhill.} (38. f4 $11 {remains equal.} Nd7 39. Bf3 )d4 $36 { Keeping
White busy.} 39. f4 (39. Rd3 $17 Nxd3+ 40. Bxd3 )dxc3 $19 40. fxe5+ Kxe5 41. Rxc3 Kf6 42. Re3 (42. Rd3 {was necessary.} )R4b7 43. Rf3+ Kg7 44. Nc3 Re7 45. Rf4 Re5 46. b4 Nb7 47. Bf3 Nd8 48. Rd4 (48. Ne2 {keeps fighting.} )Ne6 49. Rc4 {[#]} a5 $1 50. a3 (50. bxa5 Rb2+ )axb4 51. axb4 Rf5 (51... Rd8 $142 {Hoping for ...Rd2+.} 52. Nb1 Rd3 )52. Ne4 (52. Ke3 $142 )Ra8 {Strongly threatening ...Ra3.} 53. Rc3 (53. Nc3 $142 )Ra2+ 54. Ke3 Rb2 55. Nd6 (55. Rc4 $142 )Re5+ {Black is clearly winning.} 56. Kd3 {
intending Nc4.} Rxb4 57. Bxc6 Rxc5 {...Rd4+ is the strong threat.} 58. Rxc5 Nxc5+ { Endgame KRN-KBN} 59. Ke3 Ne6 60. Ne4 f5 61. Nd2 f4+ 62. gxf4 Nxf4 63. Nf3 Ng2+ { Discovered Attack} 64. Kf2 Nxh4 {Accuracy: White
= 44%, Black = 62%.} 0-1

[Event "FIDE-Online-Steinitz-Memorial-Women"]
[White "Lagno, Kateryna"]
[Black "Stefanova, Antoaneta"]
[Site "Internet"]
[Round "7"]
[Annotator "TA"]
[Result "1-0"]
[Date "2020.05.16"]
[WhiteElo "2608"]
[BlackElo "2485"]
[PlyCount "157"]

1. e4 {} e5 2. Nf3 Nc6 3. Bb5 a6 4. Ba4 g6 5. d4 b5 6. Bb3 {C70: Ruy Lopez: 3...a6 4 Ba4, Norwegian and Delayed
Schliemann.} exd4 7. Nxd4 Bb7 8. Nxc6 {White is slightly better.} dxc6 9. 0-0 Bg7 {[#]} 10. Qf3 $146 {} ({Predecessor:} 10. Qxd8+ Rxd8 11. c3 Nf6 12. Bc2 0-0 13. f3 Nd7 14. Bg5 f6 15. Bf4 Ne5 16. Nd2 {0-1 (43)
Moroder,S (2251)-Kilgus,G (2435) Innsbruck 2019} )Nf6 11. e5 Nd5 12. Nc3 (12. Re1 {looks sharper.} 0-0 13. Nd2 Rb8 14. Ne4 Bxe5 15. c3 )0-0 13. Nxd5 ({White should try} 13. Ne4 $11 )cxd5 $15 14. Bf4 c5 {White must
now prevent ...c4.} 15. c3 c4 16. Bc2 Qe7 17. Rfe1 {[#]} (17. Qg3 $11 )d4 $1 $17 {} 18. Be4 (18. cxd4 Bxf3 )Bxe4 19. Qxe4 d3 20. a4 {
With the idea axb5.} Rac8 21. axb5 axb5 22. Bd2 Rfe8 {} 23. f4 Qe6 24. Ra7 Bf8 {And now ...Bc5+ would win.} 25. Rb7 Rb8 26. h3 Bc5+ 27. Kh2 Qa6 28. Rxb8 Rxb8 29. Qd5 Bf2 30. Rf1 Qb6 31. f5 gxf5 32. Qf3 (32. b3 $11 )Bh4 ({Black should play} 32... Bc5 $17 )33. Qh5 $36 { White fights
for an advantage.} Be7 34. Rxf5 Qg6 35. Qf3 $1 b4 (35... h6 $11 {keeps the
balance.} )36. Rf4 h5 (36... bxc3 $1 $14 37. bxc3 Qe6 )37. Rxc4 $16 {} bxc3 (37... Bg5 $16 38. Rc6 Qg7 39. Bxg5 (39. Qxd3 Rd8 $17 )Qxg5 40. Qxd3 Qxe5+ 41. Qg3+ Qxg3+ 42. Kxg3 bxc3 43. bxc3 Rb5 )38. Bxc3 Rd8 {
Strongly threatening ...d2.} 39. Bd2 (39. Ba5 $18 Re8 40. Rc6 )Bg5 40. Qf2 (40. Ba5 $16 Rb8 41. Rc6 )Bxd2 $11 41. Qxd2 { Endgame
KQR-KQR} Qf5 42. Rc3 Qxe5+ 43. Kh1 Qf5 44. Rc1 {[#]} (44. b4 $11 {remains
equal.} )Kh7 (44... Re8 $1 $17 { Threatens to win with ...
Re2.} 45. Re1 Rxe1+ 46. Qxe1 Qf4 )45. Rd1 Rd5 46. Qe3 Re5 47. Qxd3 Re1+ 48. Kh2 Qxd3 49. Rxd3 $14 {KR-KR} Rb1 50. Rb3 h4 51. Rb4 Kg6 52. Rxh4 {Hoping for Rg4+.
} Rxb2 53. Rf4 f5 54. Kg3 Kg5 55. Rf3 Ra2 56. h4+ Kg6 57. Kh3 Rb2 58. Ra3 Rc2 59. g3 Rb2 60. Ra6+ Kh5 61. Rf6 Rf2 62. Rf8 ({Better is} 62. Re6 $14 )Rf1 $2 { This move loses the game for Black.} (62... Kh6 $11 )63. Kg2 {
White mates.} Ra1 64. Rxf5+ Kg6 65. Rb5 Ra2+ 66. Kh3 Ra3 67. h5+ Kh6 68. Kh4 Ra1 69. Rb6+ Kh7 70. g4 Ra5 71. h6 Rc5 72. g5 Rc1 73. Rb7+ Kg6 74. Rg7+ Kf5 75. Kg3 Rg1+ 76. Kf2 Rh1 77. h7 Rh5 78. g6 Kf6 79. Rg8 {Accuracy: White = 79%,
Black = 73%.} 1-0

[Event "FIDE-Online-Steinitz-Memorial-Women"]
[White "Lei, Tingjie"]
[Black "Abdumalik, Zhansaya"]
[Site "Internet"]
[Round "7"]
[Annotator "TA"]
[Result "0-1"]
[Date "2020.05.16"]
[WhiteElo "2530"]
[BlackElo "2409"]
[PlyCount "118"]

1. d4 {} Nf6 2. c4 g6 3. g3 d6 4. Bg2 Bg7 5. Nf3 0-0 6. 0-0 Nbd7 7. Nc3 e5 8. e4 c6 9. h3 Qe7 10. Re1 h6 11. Be3 {E69: King's
Indian: Fianchetto: 6...Nbd7 7 0-0 e5 8 e4 c6 9 h3.} Re8 {[#]} 12. Rc1 $146 ({
Predecessor:} 12. Qc2 Nf8 13. Rad1 Nh5 14. c5 dxc5 15. dxe5 Ne6 16. Qc1 Kh7 17. g4 Nd4 18. Nxd4 cxd4 19. Bxd4 {1/2-1/2 (60) Kopylov,M (1620)-Scherer,H (1829)
Playchess.com INT 2020} )exd4 13. Nxd4 {White is better.} a5 14. Qd2 Kh7 15. Rcd1 Ne5 16. Qe2 Ned7 17. f4 Nc5 {} 18. Bf2 a4 19. Qf3 Qc7 20. g4 Nfd7 21. Rd2 Qa5 22. Kh2 Qb4 23. a3 Qa5 24. Nc2 Ne6 25. Bg3 ({Much weaker is
} 25. Rxd6 Nxf4 26. Red1 (26. Qxf4 $2 Be5 $19 { Double Attack} )Re7 $15 )Qc5 (25... g5 $11 {keeps the balance.} 26. fxg5 (26. Rxd6 $2 gxf4 27. Bh4 Ne5 $19 )Ne5 )26. Red1 ({Better is} 26. Qf1 $16 )Qxc4 (26... g5 $1 $11 {remains equal.} )27. Rxd6 $16 Ndc5 $2 (27... Qb3 $16 {
was worth a try.} )28. Ne3 $18 Qb3 29. f5 $2 (29. Qf2 $1 $18 )Ng5 $1 $17 { Double Attack} 30. fxg6+ (30. Qe2 $17 Ncxe4 31. Bxe4 Nxe4 32. Rd8 Rxd8 33. Rxd8 )fxg6 $19 31. Qf2 Ncxe4 32. Nxe4 Nxe4 33. Bxe4 Rxe4 34. Ng2 {[#]} (34. Nf1 {keeps fighting.} Qxb2 35. R1d2 )Be6 $1 35. R1d2 $2 (35. Nf4 )Rf8 36. Qg1 (36. Qc5 $142 Rf3 37. Qc2 Qxc2 38. Rxc2 )Bd5 37. Nf4 Rexf4 38. Bxf4 Rxf4 39. Rd7 Qf3 (39... Rf3 $142 40. Qg2 Qe3 41. R2xd5 cxd5 )40. Re7 Rf7 41. Rde2 Rxe7 42. Rxe7 Kg8 {( -> ...Qf4+)} 43. Re8+ {[#]} Kf7 $1 44. Re1 {[#]} Bd4 $1 {} 45. Qf1 (45. Qxd4 Qg2# )Be5+ (45... Bf2 $142 46. Re7+ { Decoy} Kxe7 47. Qe2+ Qxe2 48. h4 Qe5+ 49. Kh3 Qg3# )46. Kg1 Qxf1+ 47. Rxf1+ Ke6 48. Re1 Kd6 49. Re2 b5 {} 50. Kf2 Bd4+ 51. Kg3 c5 52. h4 b4 53. Kf4 b3 54. h5 gxh5 55. gxh5 c4 {Black mates.} 56. Kf5 c3 57. bxc3 Bxc3 58. Kg6 b2 59. Rxb2 Bxb2 {
Accuracy: White = 30%, Black = 58%.} 0-1

[Event "FIDE-Online-Steinitz-Memorial-Women"]
[White "Tan, Zhongyi"]
[Black "Kosteniuk, Alexandra"]
[Site "Internet"]
[Round "7"]
[Annotator "TA"]
[Result "1-0"]
[Date "2020.05.16"]
[WhiteElo "2510"]
[BlackElo "2521"]
[PlyCount "61"]

1. d4 {} Nf6 2. c4 e6 3. Nc3 Bb4 4. Qc2 d5 5. cxd5 exd5 6. Bg5 h6 7. Bh4 Be6 {E35: Nimzo-Indian: Classical: 4...d5 5 cxd5
exd5.} 8. e3 c5 9. dxc5 Nbd7 {White has an edge.} 10. Nf3 {[#]} g5 $146 ({
Predecessor:} 10... Rc8 11. a3 Bxc5 12. Be2 0-0 13. 0-0 a6 14. Rfd1 b5 15. Qd2 Qb6 16. Nd4 Bxd4 17. exd4 {1/2-1/2 (64) Badelka,O (2388)-Li,R (2351) Riadh 2017
} )11. Bg3 Ne4 12. Bb5 0-0 13. Bxd7 Qxd7 14. 0-0 Bxc3 15. bxc3 Nxg3 16. hxg3 Rac8 17. Nd4 Rxc5 18. f4 {And now f5 would win.} f5 {[#]} (18... Bg4 $11 {
keeps the balance.} )19. g4 $1 {} Rfc8 $2 { Black cannot
hold the game after this.} (19... h5 $1 $14 )(19... fxg4 20. Qg6+ )20. gxf5 $18 Bf7 21. fxg5 hxg5 22. Qe2 Rxc3 23. Rae1 Qd6 $2 (23... Qe7 24. f6 Qe4 )24. Qg4 $2 (24. f6 )Qh6 (24... Qf6 {was called for.} 25. Ne6 R3c4 )25. f6 Qh4 (25... Qh5 {was necessary.} 26. Qg3 Kh7 )26. Qf3 (26. Qd7 $142 )Qe4 $2 (26... R8c4 27. Qf5 Qg3 )27. Qg3 Qh4 28. Qd6 Qe4 $2 (28... Qh5 29. Nf5 Kh7 )29. Nf5 {[#] Strongly threatening Nh6+.} Kh7 30. Qh2+ Kg8 31. Ne7+ {Accuracy:
White = 58%, Black = 36%.} 1-0

[Event "FIDE-Online-Steinitz-Memorial-Women"]
[White "Khademalsharieh, Sarasadat"]
[Black "Cori T., Deysi"]
[Site "Internet"]
[Round "7"]
[Annotator "TA"]
[Result "0-1"]
[Date "2020.05.16"]
[WhiteElo "2431"]
[BlackElo "2391"]
[PlyCount "120"]

1. d4 {} Nf6 2. Nf3 e6 3. c4 Bb4+ 4. Nbd2 b6 5. g3 Bb7 6. Bg2 0-0 7. 0-0 d6 8. Nb1 {E16: Queen's Indian: 4
g3 Bb7 5 Bg2 Bb4+.} (8. Nb3 $14 )c5 $11 9. a3 Ba5 10. b3 {[#] The
position is equal.} Nc6 $146 ({Predecessor:} 10... Be4 11. Bb2 Nbd7 12. dxc5 dxc5 13. Nc3 Bxc3 14. Bxc3 Qc7 15. Ra2 Rad8 16. Qa1 Qb7 {1-0 (47) Kutirov,R 
(2337)-Vladimirov,V (2192) Struga 2010} )11. Bb2 Qe7 (11... d5 $11 )12. Nbd2 (12. d5 $1 $14 )Rfd8 13. Qc2 Rac8 14. dxc5 bxc5 15. Rfd1 h6 16. Rac1 Bb6 17. Qb1 Nd4 18. Nxd4 cxd4 19. Nf3 (19. Ne4 $11 )Be4 $17 20. Qa1 e5 21. b4 a5 {...axb4 is the strong threat.} 22. Nd2 Bxg2 23. Kxg2 Qb7+ 24. Kg1 Qd7 25. Kg2 ({Better is} 25. Qb1 )Qf5 (25... Ba7 $142 26. Nf3 axb4 27. axb4 Ra8 )26. Qb1 Qh5 27. Qd3 axb4 28. axb4 Re8 29. Qf3 (29. Ne4 $11 )Qg6 $1 $36 {
 Black has good play.} 30. Nb3 $2 {} (30. e3 $15 )h5 $2 (30... e4 $1 $19 {} 31. Qf4 Nh5 )31. c5 (31. Qd3 $1 $15 )Bc7 ({Black should try} 31... e4 $19 32. Qf4 dxc5 33. bxc5 Bc7 )32. Qd3 $1 $15 Qg5 (32... Qg4 $15 )33. h4 (33. b5 $11 dxc5 34. Rxc5 )Qg4 34. f3 Qe6 35. cxd6 (35. e4 $1 $15 )Bxd6 36. Nc5 Qd5 ({Black should play} 36... Bxc5 $17 37. Rxc5 Rxc5 38. bxc5 Rb8 )37. Ne4 (37. e4 $15 Qa8 38. Qb3 )Nxe4 $1 $17 38. fxe4 Qb7 39. Qf3 (39. b5 $17 )Qxb4 40. Rb1 {White wants
to play Bxd4.} Qc4 41. Qxh5 $2 (41. Bc1 )Qe6 (41... Qa2 $142 {Strongly
threatening ...Rc2.} 42. Rf1 Rc2 )42. Qf3 (42. Qf5 {keeps fighting.} )Rb8 $2 (42... Qa2 $1 $19 {Threatens to win with ...Rc2.} 43. Qd3 Rb8 )43. Ba1 $2 {
} (43. Ba3 $15 )Rec8 44. Rdc1 (44. Qf5 {was necessary.} )Rxc1 45. Rxc1 Be7 $2 (45... Qa2 $1 $19 {Hoping for ...Bf8.} 46. h5 Bf8 )46. Qd3 $2 {} (46. Qf5 $15 )Rb3 47. Qc2 {[#]} Re3 (47... Bxh4 $142 $1 {} 48. Qc8+ (48. gxh4 Qh3+ )Kh7 49. Qxe6 (49. gxh4 $2 Qg6+ {
 Double Attack} 50. Kf2 Qg3+ { Double Attack} 51. Kf1 g6 $19 )Rxg3+ 50. Kf1 fxe6 )48. Rf1 $2 {[#]} (48. Qc8+ Qxc8 49. Rxc8+ Kh7 50. Kf2 )Qg4 $1 $19 { Double Attack} 49. Rf3 {[#]} Rxe4 $2 (49... d3 $1 {} 50. Qxd3 (50. exd3 Qxf3+ )Rxd3 51. exd3 f6 )50. Bb2 (50. h5 {was called for.} )Bf6 51. Kf2 {[#]} Re3 $1 {} 52. Qc6 $2 {
} (52. Rxe3 $17 dxe3+ 53. Kg2 )e4 53. Qe8+ Kh7 54. Rxe3 dxe3+ { Discovered Attack} 55. Kg2 Qxe2+ 56. Kh3 Qf1+ 57. Kh2 Qf2+ { Double Attack} 58. Kh3 Bxb2 (58... Qf5+ $142 59. g4 Qf3+ 60. Kh2 e2 61. Bc3 Bxc3 62. Qb5 e1=Q 63. Qf5+ Qxf5 64. gxf5 Qf2+ { Double Attack} 65. Kh1 Qf1+ 66. Kh2 Be5# )59. Qxe4+ g6 {( -> ...e2)} 60. h5 {[#]} Qf5+ $1 {Accuracy:
White = 31%, Black = 36%.} 0-1

[Event "FIDE-Online-Steinitz-Memorial-Women"]
[White "Paehtz, Elisabeth"]
[Black "Sebag, Marie"]
[Site "Internet"]
[Round "7"]
[Annotator "ChessBase"]
[Result "0-1"]
[Date "2020.05.16"]
[WhiteElo "2396"]
[BlackElo "2482"]
[PlyCount "206"]
[TimeControl "180+2"]

1. d4 {[%emt 0:0:0]} d5 {[%emt 0:0:0]} 2. Bf4 {[%emt 0:0:4]} Nf6 {[%emt 0:0:5]
} 3. e3 {[%emt 0:0:1]} c5 {[%emt 0:0:3]} 4. c3 {[%emt 0:0:0]} Nc6 {[%emt 0:0:3]} 5. Nd2 {[%emt 0:0:3]} e6 {[%emt 0:0:3]} 6. Ngf3 {[%emt 0:0:2]
} cxd4 {[%emt 0:0:3]} 7. exd4 {[%emt 0:0:1]} Nh5 {[%emt 0:0:0]} 8. Be3 {[%emt 0:0:7]} Bd6 {[%emt 0:0:7]} 9. Ne5 {[%emt 0:0:1]} Nf6 {[%emt 0:0:2]
} 10. f4 {[%emt 0:0:3]} 0-0 {[%emt 0:0:14]} 11. Bd3 {[%emt 0:0:0]} Bd7 {[%emt 0:0:4]} 12. 0-0 {[%emt 0:0:3]} Ne7 {[%emt 0:0:2]} 13. Qf3 {[%emt 0:0:18]} Bc6 {[%emt 0:0:17]} 14. g4 {[%emt 0:0:11]} Ng6 {[%emt 0:0:0]} 15. g5 {[%emt 0:0:4]} Nd7 {[%emt 0:0:2]} 16. Qh3 {[%emt 0:0:15]} f5 {[%emt 0:0:10]} 17. gxf6 {[%emt 0:0:19]} Qxf6 {[%emt 0:0:1]} 18. Ndf3 {[%emt 0:0:8]
} Rfe8 {[%emt 0:0:45]} 19. Ng5 {[%emt 0:0:0]} Ndf8 {[%emt 0:0:0]} 20. Bxg6 {[%emt 0:0:16]} hxg6 {[%emt 0:0:4]} 21. Nef7 {[%emt 0:0:0]} Qxf7 {[%emt 0:0:3]} 22. Nxf7 {[%emt 0:0:2]} Kxf7 {[%emt 0:0:0]} 23. Bf2 {[%emt 0:0:9]} Nd7 {[%emt 0:0:3]} 24. Bh4 {[%emt 0:0:2]} Rh8 {[%emt 0:0:2]
} 25. Qg3 {[%emt 0:0:2]} Rh5 {[%emt 0:0:7]} 26. Bg5 {[%emt 0:0:0]} Rah8 {[%emt 0:0:1]} 27. Rae1 {[%emt 0:0:6]} Nf6 {[%emt 0:0:5]} 28. Bxf6 {[%emt 0:0:21]} gxf6 {[%emt 0:0:3]} 29. Re2 {[%emt 0:0:8]} Bb5 {[%emt 0:0:5]
} 30. Rfe1 {[%emt 0:0:7]} Bxe2 {[%emt 0:0:2]} 31. Rxe2 {[%emt 0:0:1]
} Rf5 {[%emt 0:0:12]} 32. Qe3 {[%emt 0:0:13]} Re8 {[%emt 0:0:0]} 33. Rf2 {[%emt 0:0:3]} b6 {[%emt 0:0:3]} 34. Qd3 {[%emt 0:0:8]} Bxf4 {[%emt 0:0:6]} 35. Qb5 {[%emt 0:0:3]} Be3 {[%emt 0:0:3]} 36. Qd7+ {[%emt 0:0:13]
} Re7 {[%emt 0:0:2]} 37. Qd8 {[%emt 0:0:2]} Bxf2+ {[%emt 0:0:0]} 38. Kg2 {[%emt 0:0:1]} Be3 {[%emt 0:0:7]} 39. Qh8 {[%emt 0:0:3]} Rh5 {[%emt 0:0:2]} 40. Qd8 {[%emt 0:0:5]} Rg5+ {[%emt 0:0:2]} 41. Kf3 {[%emt 0:0:1]
} Bc1 {[%emt 0:0:3]} 42. b3 {[%emt 0:0:3]} Rh5 {[%emt 0:0:0]} 43. Kg2 {[%emt 0:0:5]} Bf4 {[%emt 0:0:1]} 44. h3 {[%emt 0:0:2]} Rg5+ {[%emt 0:0:3]} 45. Kf3 {[%emt 0:0:1]} Rf5 {[%emt 0:0:1]} 46. Kg2 {[%emt 0:0:3]
} Bg5 {[%emt 0:0:1]} 47. c4 {[%emt 0:0:3]} dxc4 {[%emt 0:0:0]} 48. bxc4 {[%emt 0:0:4]} Rf4 {[%emt 0:0:1]} 49. c5 {[%emt 0:0:1]} bxc5 {[%emt 0:0:2]} 50. dxc5 {[%emt 0:0:1]} Rc4 {[%emt 0:0:1]} 51. Qc8 {[%emt 0:0:5]
} Bf4 {[%emt 0:0:4]} 52. c6 {[%emt 0:0:1]} Rc7 {[%emt 0:0:0]} 53. Qh8 {[%emt 0:0:2]} R4xc6 {[%emt 0:0:5]} 54. Qh7+ {[%emt 0:0:1]} Kf8 {[%emt 0:0:1]} 55. Qh8+ {[%emt 0:0:2]} Ke7 {[%emt 0:0:1]} 56. Qg7+ {[%emt 0:0:1]
} Kd6 {[%emt 0:0:1]} 57. Qxf6 {[%emt 0:0:1]} Be5 {[%emt 0:0:0]} 58. Qd8+ {[%emt 0:0:9]} Rd7 {[%emt 0:0:3]} 59. Qf8+ {[%emt 0:0:3]} Kd5 {[%emt 0:0:0]} 60. Qf3+ {[%emt 0:0:2]} Kd6 {[%emt 0:0:3]} 61. Qf8+ {[%emt 0:0:2]
} Kc7 {[%emt 0:0:1]} 62. Qa8 {[%emt 0:0:2]} Bd4 {[%emt 0:0:0]} 63. Kf3 {[%emt 0:0:2]} Bb6 {[%emt 0:0:2]} 64. Qg8 {[%emt 0:0:2]} Rd3+ {[%emt 0:0:7]} 65. Kf4 {[%emt 0:0:3]} Rc5 {[%emt 0:0:3]} 66. Qf7+ {[%emt 0:0:2]
} Rd7 {[%emt 0:0:2]} 67. Qxe6 {[%emt 0:0:0]} Rd4+ {[%emt 0:0:0]} 68. Kf3 {[%emt 0:0:3]} Rc3+ {[%emt 0:0:1]} 69. Ke2 {[%emt 0:0:1]} Rdd3 {[%emt 0:0:3]} 70. Qe5+ {[%emt 0:0:2]} Kb7 {[%emt 0:0:1]} 71. Qe4+ {[%emt 0:0:1]
} Ka6 {[%emt 0:0:1]} 72. Qa4+ {[%emt 0:0:3]} Kb7 {[%emt 0:0:0]} 73. Qe4+ {[%emt 0:0:2]} Kc7 {[%emt 0:0:1]} 74. Qe5+ {[%emt 0:0:1]} Kd7 {[%emt 0:0:1]} 75. Qg7+ {[%emt 0:0:2]} Kd8 {[%emt 0:0:1]} 76. Qf6+ {[%emt 0:0:1]
} Kc8 {[%emt 0:0:1]} 77. Qe6+ {[%emt 0:0:1]} Kb8 {[%emt 0:0:0]} 78. Qe5+ {[%emt 0:0:1]} Bc7 {[%emt 0:0:2]} 79. Qb5+ {[%emt 0:0:2]} Kc8 {[%emt 0:0:1]} 80. Qe8+ {[%emt 0:0:2]} Kb7 {[%emt 0:0:2]} 81. Qb5+ {[%emt 0:0:1]
} Ka8 {[%emt 0:0:3]} 82. Qe8+ {[%emt 0:0:3]} Bd8 {[%emt 0:0:0]} 83. Qe4+ {[%emt 0:0:3]} Kb8 {[%emt 0:0:1]} 84. Qe5+ {[%emt 0:0:3]} Kc8 {[%emt 0:0:3]} 85. Qe6+ {[%emt 0:0:2]} Kb7 {[%emt 0:0:2]} 86. Qe4+ {[%emt 0:0:2]
} Kc7 {[%emt 0:0:2]} 87. Qe5+ {[%emt 0:0:1]} Kd7 {[%emt 0:0:0]} 88. Qg7+ {[%emt 0:0:3]} Be7 {[%emt 0:0:1]} 89. Qxg6 {[%emt 0:0:1]} Re3+ {[%emt 0:0:2]} 90. Kd2 {[%emt 0:0:3]} Rcd3+ {[%emt 0:0:1]} 91. Kc2 {[%emt 0:0:0]
} Rxh3 {[%emt 0:0:2]} 92. Qf5+ {[%emt 0:0:4]} Ke8 {[%emt 0:0:0]} 93. Qg6+ {[%emt 0:0:3]} Kf8 {[%emt 0:0:1]} 94. Qf5+ {[%emt 0:0:1]
} Kg7 {[%emt 0:0:3]} 95. Qg4+ {[%emt 0:0:1]} Kf7 {[%emt 0:0:0]} 96. Qf5+ {[%emt 0:0:1]} Bf6 {[%emt 0:0:1]} 97. Qe4 {[%emt 0:0:4]} Rc3+ {[%emt 0:0:0]} 98. Kd2 {[%emt 0:0:3]} Rh2+ {[%emt 0:0:1]} 99. Kd1 {[%emt 0:0:0]} Rcc2 {[%emt 0:0:3]} 100. Qd5+ {[%emt 0:0:3]} Kg7 {[%emt 0:0:1]} 101. Qd7+ {[%emt 0:0:3]} Kh6 {[%emt 0:0:2]} 102. Qf5 {[%emt 0:0:4]} Rhd2+ {[%emt 0:0:0]} 103. Ke1 {[%emt 0:0:3]} Bh4+ {[%emt 0:0:1]} 0-1

[Event "FIDE-Online-Steinitz-Memorial-Women"]
[White "Lagno, Kateryna"]
[Black "Abdumalik, Zhansaya"]
[Site "Internet"]
[Round "8"]
[Annotator "TA"]
[Result "1-0"]
[Date "2020.05.16"]
[WhiteElo "2608"]
[BlackElo "2409"]
[PlyCount "103"]

1. e4 {} e5 2. Nf3 Nc6 3. Bb5 a6 4. Ba4 Nf6 5. 0-0 Be7 6. d3 b5 7. Bb3 d6 8. a4 {8.a3 might become the main line. Played by Ian
Nepomniachtchi in March 2020.} Bd7 9. Bd2 {C84: Closed Ruy Lopez: Unusual
White 6th moves.} 0-0 10. h3 h6 11. Re1 {White has an edge.} Re8 12. Nc3 {[#]} Na5 $146 ({Predecessor:} 12... Rb8 13. axb5 axb5 14. Be3 Bf8 15. Qd2 Be6 16. Nd5 Bxd5 17. Bxd5 Nxd5 18. exd5 Ne7 {1-0 (68) Madiai,F (2262)-Stasio,G (1772)
Alessandria 2018} )13. Ba2 b4 14. Nd5 Nxd5 15. Bxd5 Rb8 16. Nh2 c6 17. Ba2 b3 {
[#]} (17... Rf8 $11 {keeps the balance.} )18. Bxa5 $1 $16 Qxa5 19. Bxb3 Bg5 20. Qf3 Re7 21. Ng4 Bxg4 22. Qxg4 Qc5 23. h4 Bf6 24. Re2 a5 25. Rf1 d5 26. Kh1 Qd4 27. f4 (27. g3 $16 )exf4 $11 28. Rxf4 Qxb2 {Strongly threatening ...Qc1+.
} 29. Rf1 Rbe8 30. Ref2 {And now Rxf6 would win.} Kh8 {} 31. exd5 cxd5 32. Bxd5 Qe5 ({Black should play} 32... Re1 $14 )33. Be4 $16 Rc7 34. h5 Rc5 35. Rf5 Qd4 36. Rxc5 $40 { White is out for blood.} Qxc5 37. Qf5 Qxf5 38. Rxf5 { Endgame KRB-KRB} Rc8 {Now Black is done in.} (38... Re5 $16 )39. Rxa5 g5 40. hxg6 Rxc2 $2 (40... fxg6 41. c4 (41. Bxg6 Rxc2 42. Be4 Rf2 $18 )Bc3 )41. gxf7 $18 {} Kg7 42. Bd5 Be5 {} 43. g4 Rh2+ 44. Kg1 {aiming for Ra8.} Rd2 45. Bc4 Bd6 46. Ra8 Bf8 47. a5 {
} Rb2 48. a6 Rb1+ 49. Kg2 {White mates.} Ra1 50. a7 Ra5 {[#]} 51. Bd5 $1 { Promotion} Rxd5 {[#]} 52. Rxf8 $1 {
 Accuracy: White = 88%, Black = 57%.} 1-0